| 000 | 00582nam a2200169Ia 4500 | ||
|---|---|---|---|
| 003 | SGT | ||
| 020 | _a9788131806975 | ||
| 082 |
_a670.423 _bGAR |
||
| 100 | _aGarg,S.K | ||
| 245 | _aWorkshop Technology | ||
| 250 | _a3rd . . Ed. | ||
| 260 |
_bUniversity Science Press _aN. Delhi _c2010 |
||
| 300 | _a542p. | ||
| 650 | _aMECHANICAL INGINEERING | ||
| 653 | _aINTRODUCTION ,PLANT AND SHOP LAYOUT,INDUSTRIAL SAFETY,FUNDAMENTALS OF METALS AND ALLOYS,PROPERTIES OF ENGINEERING MATERIALS,TESTING AND INSPECTION OF METALS,FERROUS METALS AND ALLOYS,SHEET METAL WORK | ||
| 942 |
_2ddc _cBK _011 |
||
| 999 |
_c4928 _d4928 |
||